<?xml version="1.0" encoding="UTF-8"?>
<record
    xmlns:xsi="http://www.w3.org/2001/XMLSchema-instance"
    xsi:schemaLocation="http://www.loc.gov/MARC21/slim http://www.loc.gov/standards/marcxml/schema/MARC21slim.xsd"
    xmlns="http://www.loc.gov/MARC21/slim">

  <leader>02596nam a2200349 a 4500</leader>
  <controlfield tag="003">PE-LiUPU</controlfield>
  <controlfield tag="005">20250731184119.0</controlfield>
  <controlfield tag="008">190214s2015    ag     fr     001 0 spa  </controlfield>
  <datafield tag="020" ind1=" " ind2=" ">
    <subfield code="a">9789502325309</subfield>
  </datafield>
  <datafield tag="040" ind1=" " ind2=" ">
    <subfield code="a">AR-BaBN</subfield>
    <subfield code="b">spa</subfield>
    <subfield code="c">PE-LiUPU</subfield>
    <subfield code="e">rda</subfield>
    <subfield code="d">PE-LiUPU</subfield>
  </datafield>
  <datafield tag="080" ind1="1" ind2=" ">
    <subfield code="a">001.811:347.964.1</subfield>
    <subfield code="2">2016</subfield>
  </datafield>
  <datafield tag="082" ind1=" " ind2=" ">
    <subfield code="2">23</subfield>
    <subfield code="a">801</subfield>
    <subfield code="b">F951c</subfield>
  </datafield>
  <datafield tag="100" ind1="1" ind2=" ">
    <subfield code="a">Fucito, Marina</subfield>
  </datafield>
  <datafield tag="245" ind1="1" ind2="0">
    <subfield code="a">Curso pr&#xE1;ctico de redacci&#xF3;n para abogados :</subfield>
    <subfield code="b">recomendaciones para mejorar el estilo de los escritos jur&#xED;dicos /</subfield>
    <subfield code="c">Marina Fucito.</subfield>
  </datafield>
  <datafield tag="250" ind1=" " ind2=" ">
    <subfield code="a">Primera edici&#xF3;n.</subfield>
  </datafield>
  <datafield tag="264" ind1=" " ind2=" ">
    <subfield code="a">Buenos Aires :</subfield>
    <subfield code="b">Eudeba,</subfield>
    <subfield code="c">2015.</subfield>
  </datafield>
  <datafield tag="300" ind1=" " ind2=" ">
    <subfield code="a">95 p&#xE1;ginas ;</subfield>
    <subfield code="c">24 cent&#xED;metros.</subfield>
  </datafield>
  <datafield tag="490" ind1="1" ind2=" ">
    <subfield code="a">(Cuadernos de Eudeba ;</subfield>
    <subfield code="v">226)</subfield>
  </datafield>
  <datafield tag="504" ind1=" " ind2=" ">
    <subfield code="a">Incluye notas y referencias bibliogr&#xE1;ficas a pie de p&#xE1;gina.</subfield>
  </datafield>
  <datafield tag="504" ind1=" " ind2=" ">
    <subfield code="a">Bibliograf&#xED;a: p. 93-95.</subfield>
  </datafield>
  <datafield tag="505" ind1="2" ind2=" ">
    <subfield code="a">Problemas de estilo -- Clases de palabras -- Las oraciones -- Recomendaciones finales -- La puntuaci&#xF3;n -- Los dos niveles de discurso -- Primer discurso: signos correspondientes -- Segundo discurso dentro del discurso: par&#xE9;ntesis, rayas, comillas y corchetes -- Distribuci&#xF3;n de la informaci&#xF3;n en el escrito: tipos de p&#xE1;rrafo y sus funciones -- El orden de las ideas -- Tipos de p&#xE1;rrafo -- La estructura del texto: orden de p&#xE1;rrafos recomendado -- La cita -- Las distintas maneras de citar -- La cita textual -- Maneras de remitir a la fuente -- Funci&#xF3;n de las notas al pie.</subfield>
  </datafield>
  <datafield tag="520" ind1="3" ind2=" ">
    <subfield code="a">Con el objeto de agilizar la redacci&#xF3;n de los escritos jur&#xED;dicos y asegurarles mayor eficacia a sus autores, este manual propone algunas estrategias para mejorar el estilo de la composici&#xF3;n de textos. Para ello comienza por elaborar un diagn&#xF3;stico de las dificultades m&#xE1;s frecuentes de la producci&#xF3;n escrita del &#xE1;mbito jur&#xED;dico y ofrece una serie de estrategias para resolverlas. Mediante explicaciones sencillas y ejemplos, se brinda a los profesionales y a los estudiantes una herramienta de gran utilidad para mejorar su desempe&#xF1;o en la escritura. En un amplio abanico de subg&#xE9;neros, que incluye desde los documentos profesionales hasta las obras acad&#xE9;micas, el curso pr&#xE1;ctico aborda cuatro ejes fundamentales: problemas de estilo, la puntuaci&#xF3;n, la distribuci&#xF3;n de la informaci&#xF3;n en el escrito, y la cita.</subfield>
    <subfield code="c">(Descripci&#xF3;n del editor).</subfield>
  </datafield>
  <datafield tag="526" ind1=" " ind2=" ">
    <subfield code="a">P145</subfield>
  </datafield>
  <datafield tag="526" ind1=" " ind2=" ">
    <subfield code="a">P127</subfield>
  </datafield>
  <datafield tag="526" ind1=" " ind2=" ">
    <subfield code="a">P97</subfield>
  </datafield>
  <datafield tag="526" ind1=" " ind2=" ">
    <subfield code="a">P14</subfield>
  </datafield>
  <datafield tag="526" ind1=" " ind2=" ">
    <subfield code="a">P07</subfield>
  </datafield>
  <datafield tag="650" ind1="1" ind2="4">
    <subfield code="a">Escritos judiciales</subfield>
    <subfield code="x">Redacci&#xF3;n</subfield>
  </datafield>
  <datafield tag="751" ind1=" " ind2=" ">
    <subfield code="a">Buenos Aires</subfield>
    <subfield code="e">lugar de publicaci&#xF3;n</subfield>
  </datafield>
  <datafield tag="942" ind1=" " ind2=" ">
    <subfield code="2">ddc</subfield>
    <subfield code="c">BK</subfield>
  </datafield>
  <datafield tag="999" ind1=" " ind2=" ">
    <subfield code="c">62489</subfield>
    <subfield code="d">62488</subfield>
  </datafield>
  <datafield tag="980" ind1=" " ind2=" ">
    <subfield code="6">18226</subfield>
    <subfield code="a">Jaime Vilcaz&#xE1;n Jefe de An&#xE1;lisis Documental</subfield>
    <subfield code="8">1</subfield>
    <subfield code="g">ALBERTO SANCHEZ Responsable de Automatizaci&#xF3;n</subfield>
  </datafield>
  <datafield tag="952" ind1=" " ind2=" ">
    <subfield code="r">2025-12-03 00:00:00</subfield>
    <subfield code="l">0</subfield>
    <subfield code="o">801 F951c</subfield>
    <subfield code="p">82086</subfield>
    <subfield code="t">e1</subfield>
    <subfield code="v">15.51</subfield>
    <subfield code="w">2024-06-24</subfield>
    <subfield code="x">FACIHED</subfield>
    <subfield code="y">BK</subfield>
    <subfield code="1">0</subfield>
    <subfield code="2">ddc</subfield>
    <subfield code="5">0</subfield>
    <subfield code="7">0</subfield>
    <subfield code="8">GEN</subfield>
    <subfield code="f">P143</subfield>
    <subfield code="a">BUL</subfield>
    <subfield code="b">BUL</subfield>
    <subfield code="c">GEN</subfield>
    <subfield code="d">2024-06-17</subfield>
    <subfield code="e">Compra, Evoluci&#xF3;n Libros</subfield>
    <subfield code="g">10.51</subfield>
  </datafield>
</record>
